00328nam a2200121Ia 4500008004100000041000800041082001900049100001700068245004500085260003800130300003100168365000700199240624s9999 xx 000 0 und d aeng a658.312404 RED aREDDY SUMATI aTRAINING AND DEVELOPMENT TRENDS AND EXPE c2004aHyderabadbICFAI University axii, : 193 : p. : cm. ; 23 cRS